| 000 | 00457nam a2200133Ia 4500 | ||
|---|---|---|---|
| 008 | 170516s9999 xx 000 0 und d | ||
| 245 | 4 | _aThe 5th International Conference on Biomedical Engineering and Biotechnology (ICBEB 2016) | |
| 260 | _bBMC Medical Imaging | ||
| 260 | _c2016 | ||
| 300 | _a16: | ||
| 650 | _xMedical Technology | ||
| 650 | _xMedtech | ||
| 856 | _uhttp://bmcmedimaging.biomedcentral.com/articles?query=&volume=16&searchType=&tab=keyword | ||
| 999 |
_c330823 _d330823 |
||